[Event "Hanoi HD Bank op-B 8th"]
[Site "Hanoi"]
[Date "2018.03.12"]
[Round "5"]
[White "Dao, Minh Nhat"]
[Black "Tiauson, Ricarte"]
[Result "0-1"]
[WhiteElo "1957"]
[BlackElo "2058"]
[PlyCount "76"]
[EventDate "2018.03.10"]
[EventType "swiss"]
[EventRounds "9"]
[EventCountry "VIE"]
[SourceTitle "CBM 183 Extra"]
[Source "ChessBase"]
[SourceDate "2018.04.19"]
[SourceVersion "1"]
[SourceVersionDate "2018.04.19"]
[SourceQuality "1"]

1. d4 Nf6 2. Bf4 g6 3. e3 Bg7 4. Nf3 0-0 5. h3 d6 6. Be2 Nc6 7. 0-0 Nd7 8. Bh2 e5 9. d5 Ne7 10. c4 a5 11. Nc3 Nc5 12. Nd2 f5 13. f4 e4 14. Nb3 Nxb3 15. Qxb3 Kh8 16. a3 Bd7 17. Rac1 Ng8 18. Nb5 Bxb5 19. Qxb5 c6 20. Qxb7 Rb8 21. Qxc6 Rb6 22. Qa4 Rxb2 23. Rc2 Qb6 24. c5 dxc5 25. Bg3 c4 26. Qxc4 Rxc2 27. Qxc2 Qxe3+ 28. Kh2 Qxa3 29. Rd1 Qd6 30. Qa4 Ne7 31. Qxa5 g5 32. Qd2 Ng6 33. fxg5 f4 34. Be1 f3+ 35. Bg3 Be5 36. Qb2 fxe2 37. Re1 Kg8 38. Qb3 Rf1 0-1

[Event "Hanoi HD Bank op-B 8th"]
[Site "Hanoi"]
[Date "2018.03.10"]
[Round "1"]
[White "Nguyen, Nghia Gia An"]
[Black "Tiauson, Ricarte"]
[Result "0-1"]
[WhiteElo "1624"]
[BlackElo "2058"]
[PlyCount "60"]
[EventDate "2018.03.10"]
[EventType "swiss"]
[EventRounds "9"]
[EventCountry "VIE"]
[SourceTitle "CBM 183 Extra"]
[Source "ChessBase"]
[SourceDate "2018.04.19"]
[SourceVersion "1"]
[SourceVersionDate "2018.04.19"]
[SourceQuality "1"]

1. e4 c5 2. c3 g6 3. d4 cxd4 4. cxd4 d5 5. exd5 Nf6 6. Nf3 Bg7 7. h3 0-0 8. Bc4 Nxd5 9. Nc3 Nxc3 10. bxc3 Qc7 11. Qb3 Nc6 12. Be2 b6 13. Ba3 Be6 14. Qb2 Na5 15. 0-0 Nc4 16. Bxc4 Bxc4 17. Rfe1 Rfe8 18. Rad1 Rac8 19. Rc1 Bh6 20. Nd2 Bd3 21. g3 e5 22. d5 e4 23. d6 Qd7 24. Kh2 Rc5 25. Rcd1 Rh5 26. h4 Rxh4+ 27. gxh4 Bf4+ 28. Kg2 Qg4+ 29. Kh1 Qh3+ 30. Kg1 Qh2# 0-1

[Event "Hanoi HD Bank op-B 8th"]
[Site "Hanoi"]
[Date "2018.03.10"]
[Round "2"]
[White "Tiauson, Ricarte"]
[Black "Vu, Thi Dieu Ai"]
[Result "1/2-1/2"]
[WhiteElo "2058"]
[BlackElo "1795"]
[PlyCount "61"]
[EventDate "2018.03.10"]
[EventType "swiss"]
[EventRounds "9"]
[EventCountry "VIE"]
[SourceTitle "CBM 183 Extra"]
[Source "ChessBase"]
[SourceDate "2018.04.19"]
[SourceVersion "1"]
[SourceVersionDate "2018.04.19"]
[SourceQuality "1"]

1. e4 c5 2. Nf3 Nc6 3. Bb5 d6 4. Bxc6+ bxc6 5. b3 Ba6 6. d3 e5 7. 0-0 g6 8. Bb2 Bg7 9. Nfd2 Ne7 10. f4 f6 11. fxe5 fxe5 12. Qf3 Rf8 13. Qh3 Rxf1+ 14. Nxf1 h6 15. Bc1 Qd7 16. Qxd7+ Kxd7 17. Nbd2 Rf8 18. Ne3 Kc7 19. Nf3 Bc8 20. Bd2 Be6 21. Rf1 Kd7 22. h4 h5 23. Ng5 Rxf1+ 24. Kxf1 Ng8 25. Ke2 Nf6 26. Bc3 Bh6 27. Nxe6 Kxe6 28. Nc4 Bg7 29. Ba5 Bf8 30. Kf3 Be7 31. Be1 1/2-1/2

[Event "Subic Bay Puregold op-B"]
[Site "Subic Bay"]
[Date "2016.12.14"]
[Round "3"]
[White "Cervero, Tristan Jared"]
[Black "Tiauson, Ricarte"]
[Result "1/2-1/2"]
[WhiteElo "1785"]
[BlackElo "2153"]
[PlyCount "91"]
[EventDate "2016.12.13"]
[EventType "swiss"]
[EventRounds "9"]
[EventCountry "PHI"]
[SourceTitle "EXT 2018"]
[Source "ChessBase"]
[SourceDate "2017.10.13"]
[SourceVersion "1"]
[SourceVersionDate "2017.10.13"]
[SourceQuality "1"]

1. d4 Nf6 2. c4 c5 3. d5 e6 4. Nc3 exd5 5. cxd5 Bd6 6. g3 0-0 7. Bg2 a6 8. a4 Bc7 9. Nf3 d6 10. 0-0 Bg4 11. Nd2 Qc8 12. Re1 Re8 13. Nc4 Bh3 14. Bh1 Nbd7 15. Bf4 Qb8 16. a5 Nh5 17. e4 Nxf4 18. gxf4 b5 19. axb6 Nxb6 20. Na5 Qd8 21. Qf3 Bd7 22. Rad1 Qf6 23. Bg2 Qg6 24. Qg3 Na4 25. Nc4 Qxg3 26. hxg3 Nxc3 27. bxc3 Bb5 28. Ne3 f6 29. f3 Ba5 30. Rc1 g6 31. Bf1 Kg7 32. Nc4 Bc7 33. Rb1 Reb8 34. Na3 Bd7 35. Nc4 Rxb1 36. Rxb1 Rb8 37. Ra1 Bb5 38. Na5 Bxa5 39. Rxa5 Rb6 40. g4 h6 41. Kf2 Kf7 42. Bxb5 axb5 43. Ra7+ Kg8 44. Ra8+ Kf7 45. Ra7+ Kg8 46. Ra8+ 1/2-1/2